[Event "Sicilia Regional-ch"]
[Site "Erice"]
[Date "2009.06.01"]
[Round "4"]
[White "Ferrante, Filippo"]
[Black "Giannilivigni, Marco"]
[Result "1/2-1/2"]
[WhiteElo "1587"]
[BlackElo "1431"]
[PlyCount "67"]
[EventDate "2009.05.30"]
[EventType "swiss"]
[EventRounds "7"]
[EventCountry "ITA"]
[SourceTitle "EXT 2011"]
[Source "ChessBase"]
[SourceDate "2010.11.26"]
[SourceVersion "1"]
[SourceVersionDate "2010.11.26"]
[SourceQuality "1"]

1. Nf3 d5 2. d4 Nf6 3. g3 Bf5 4. Bg2 e6 5. 0-0 Nbd7 6. Nbd2 c5 7. c3 Be4 8. Nxe4 Nxe4 9. Nd2 Nef6 10. Re1 cxd4 11. cxd4 Nb6 12. b3 Rc8 13. e4 Bb4 14. e5 Nfd7 15. f4 Bc3 16. Rb1 Bxd4+ 17. Kh1 0-0 18. Nf3 Bc5 19. Nh4 Rc6 20. f5 Qc7 21. Qg4 Nxe5 22. Qh5 f6 23. fxe6 Rxe6 24. Nf5 Rfe8 25. Bf4 g6 26. Nh6+ Kg7 27. Qh4 Bd6 28. Bh3 f5 29. Nxf5+ gxf5 30. Bxf5 d4 31. Bxe5+ Rxe5 32. Qxh7+ Kf8 33. Qh8+ Kf7 34. Qh7+ 1/2-1/2

[Event "Sicilia Regional-ch"]
[Site "Erice"]
[Date "2009.05.31"]
[Round "3"]
[White "Giannilivigni, Marco"]
[Black "Valguarnera, Girolamo"]
[Result "0-1"]
[WhiteElo "1431"]
[BlackElo "2127"]
[PlyCount "60"]
[EventDate "2009.05.30"]
[EventType "swiss"]
[EventRounds "7"]
[EventCountry "ITA"]
[SourceTitle "EXT 2011"]
[Source "ChessBase"]
[SourceDate "2010.11.26"]
[SourceVersion "1"]
[SourceVersionDate "2010.11.26"]
[SourceQuality "1"]

1. c4 e5 2. Nc3 Nc6 3. Nf3 Bc5 4. e3 Nf6 5. d4 Bb4 6. Bd2 e4 7. Ng5 d5 8. cxd5 Bxc3 9. Bxc3 Qxd5 10. Nh3 Bxh3 11. gxh3 Ne7 12. Qa4+ c6 13. Rc1 0-0 14. Bb4 Rfe8 15. Rc5 Qd7 16. Qb3 Nfd5 17. Ba3 Rad8 18. Qd1 Qe6 19. Rg1 Ng6 20. Qg4 f5 21. Qg5 b5 22. b3 Rd7 23. h4 f4 24. Ke2 Rf7 25. h5 Nf8 26. h6 Ng6 27. h4 fxe3 28. fxe3 gxh6 29. Qxh6 Qf5 30. Rxc6 Qf2+ 0-1